00342nam a2200133Ia 4500008004100000041000800041082001500049100001700064245004300081250001400124260003500138300002800173365000700201240624s9999 xx 000 0 und d aeng a657.42 HAN aHANSEN DON R aCOST MANAGEMENT ACCOUNTING AND CONTROL a(4th ed.) c2003aBangalorebSouth Western axxii, : 1029 : cm. ; 26 cRS